000 00520nam a2200145 4500
005 20260521122503.0
020 _a9789359625614
082 _a894.812 ASO.C
084 _2Colon Classification
100 _aAsokan N
_aNandakumar M
_914843
245 _aചിരഞ്ജീവിതം, ഓർമ്മകളിൽ എം.പി. വീരേന്ദ്രകുമാർ ( Chiranjeevitham, Ormakalil MP Veerendrakumar )
260 _aKozhikode :
_bMathrubhumi books,
_cc2024
300 _a262p.
942 _2ddc
_cBK
999 _c759703
_d759703